Commercial work puts Sir Robert McAlpine on top (Record no. 79608)
[ view plain ]
| 000 -LEADER | |
|---|---|
| fixed length control field | 00944cab a22001935a 4500 |
| 001 - CONTROL NUMBER | |
| control field | L141832 |
| 008 - FIXED-LENGTH DATA ELEMENTS--GENERAL INFORMATION | |
| fixed length control field | 080102e20071212xxkd f 000 0 eng d |
| 035 ## - SYSTEM CONTROL NUMBER | |
| System control number | (Sirsi) u141832 |
| 041 0# - LANGUAGE CODE | |
| Language code of text/sound track or separate title | eng |
| 100 1# - MAIN ENTRY--PERSONAL NAME | |
| Personal name | Atkinson, James |
| 245 00 - TITLE STATEMENT | |
| Title | Commercial work puts Sir Robert McAlpine on top |
| 260 ## - PUBLICATION, DISTRIBUTION, ETC. | |
| Date of publication, distribution, etc. | 2007 |
| 490 #0 - SERIES STATEMENT | |
| Series statement | Contract Journal |
| Volume/sequential designation | 440(6655) 12 December 2007, 10-11(2) |
| 520 ## - SUMMARY, ETC. | |
| Summary, etc. | Sir Robert McAlpine topped the new work winners monthly league table for November 2007, with HBG Construction in second place and Skanska in third. Balfour Beatty remained at the top of the new work winners table for the past 12 months. New construction orders in November dropped back £400m on the previous month?s figures, although the private commercial sector continued to thrive, producing over £1bn worth of new contracts. |
| 590 ## - LOCAL NOTE (RLIN) | |
| Local note | KA |
| 651 #4 - SUBJECT ADDED ENTRY--GEOGRAPHIC NAME | |
| Geographic name | Great Britain |
| Chronological subdivision | 1707- |
| 690 ## - LOCAL SUBJECT ADDED ENTRY--TOPICAL TERM (OCLC, RLIN) | |
| Topical term or geographic name as entry element | BUILT ENVIRONMENT-CONSTRUCTION MARKET |
| 942 ## - ADDED ENTRY ELEMENTS (KOHA) | |
| Suppress in OPAC | 0 |
| Withdrawn status | Lost status | Source of classification or shelving scheme | Damaged status | Not for loan | Home library | Current library | Shelving location | Date acquired | Total Checkouts | Full call number | Barcode | Date last seen | Copy number | Price effective from | Koha item type |
|---|---|---|---|---|---|---|---|---|---|---|---|---|---|---|---|
| Dewey Decimal Classification | London | London | Journal article | 02/01/2008 | L141832 | 141832-1001 | 06/08/2019 | 1 | 06/08/2019 | Journal article |